000 00627nam a2200205Ia 4500
003 GCL
008 140319s9999 xx 000 0 ara d
040 _aGCL /
_cGCL
082 0 4 _a813.03
_bت ا
100 1 _aتوفيق الحكيم
245 1 0 _aاهل الكهف /
_cتوفيق الحكيم
260 _aبيروت :
_bدار الكتاب اللبنانى ،
_c1984
300 _a142 ص ؛
_c18 سم
490 _aمكتبة توفيق الحكيم الشعبية
_v1
650 0 4 _aالادب العربى
650 0 4 _aالادب
650 0 4 _aالقصص
650 0 4 _aالقصص الدينية
942 _2ddc
_cBK
999 _c29305
_d29305